00535nam a2200193Ia 4500003000400000005001700004008004100021040001800062041000800080082002200088100001900110245004400129250001200173260004600185300002800231650002200259650003300281650002700314OSt20220218152519.0210716s2010 xx 000 0 und d cAIMIT LIBRARY aeng a519.5 22ndbBAJN aBajpai, Naval. aBusiness statistics /cBy Naval Bajpai. a2nd ed. aNew Delhi :bDorling Kindersley ,c2010. axxxi,800 p. ;c27.5 cm. aCharts and graphs aMeasures of central tendency aMeasures of dispersion